[Event "Mataro op 12th"]
[Site "Mataro"]
[Date "2015.11.07"]
[Round "6.8"]
[White "Shukorov, Artem"]
[Black "Rubiano Rodriguez, Ignasi"]
[Result "1/2-1/2"]
[WhiteElo "1876"]
[BlackElo "1829"]
[PlyCount "84"]
[EventDate "2015.10.03"]
[EventType "swiss"]
[EventRounds "9"]
[EventCountry "ESP"]
[SourceTitle "EXT 2024"]
[Source "ChessBase"]
[SourceDate "2023.10.10"]
[SourceVersion "1"]
[SourceVersionDate "2023.10.10"]
[SourceQuality "1"]

1. e4 e5 2. Nf3 Nc6 3. Bb5 a6 4. Bxc6 dxc6 5. d3 Bd6 6. 0-0 Nf6 7. Bg5 0-0 8. h3 h6 9. Bh4 Re8 10. Nbd2 b5 11. Re1 g5 12. Bg3 c5 13. Nb3 a5 14. a4 b4 15. Nbd2 Nd7 16. Nc4 f6 17. c3 Nb6 18. Nfd2 Qe7 19. Ne3 Bd7 20. Ndc4 Be6 21. cxb4 Nxc4 22. Nxc4 cxb4 23. b3 Bxc4 24. dxc4 c6 25. Qc2 Bc5 26. Rad1 Rad8 27. Kf1 Rxd1 28. Rxd1 Rd8 29. Rd3 Rxd3 30. Qxd3 Kg7 31. Ke2 Qd6 32. Qxd6 Bxd6 33. Kd3 c5 34. f3 Kg6 35. Bf2 f5 36. exf5+ Kxf5 37. Be3 Be7 38. g4+ Ke6 39. Ke4 Bd6 40. Bf2 Be7 41. Bg3 Bf6 42. Bh2 Bg7 1/2-1/2

[Event "Mataro op 12th"]
[Site "Mataro"]
[Date "2015.10.10"]
[Round "2.5"]
[White "Cutura Sole, Alexandre"]
[Black "Rubiano Rodriguez, Ignasi"]
[Result "1-0"]
[WhiteElo "1915"]
[BlackElo "1829"]
[PlyCount "85"]
[EventDate "2015.10.03"]
[EventType "swiss"]
[EventRounds "9"]
[EventCountry "ESP"]
[SourceTitle "EXT 2024"]
[Source "ChessBase"]
[SourceDate "2023.10.10"]
[SourceVersion "1"]
[SourceVersionDate "2023.10.10"]
[SourceQuality "1"]

1. c4 e6 2. d3 Nf6 3. e4 d5 4. e5 Nfd7 5. d4 c6 6. c5 f6 7. Nf3 fxe5 8. Qe2 e4 9. Ng5 Qe7 10. f3 h6 11. Nh3 Nf6 12. fxe4 Nxe4 13. Nd2 Nf6 14. Nf3 g6 15. Ne5 Rg8 16. Nf4 g5 17. Nh5 Nxh5 18. Qxh5+ Kd8 19. Bd3 Nd7 20. 0-0 Nxe5 21. dxe5 Qxc5+ 22. Kh1 Qe7 23. Rf7 Qb4 24. Be3 Bd7 25. Raf1 Be8 26. a3 Bxf7 27. Qxf7 Qe7 28. Qxg8 Kd7 29. Rf7 Re8 30. Bc5 Qxf7 31. Qxf7+ Be7 32. Bxe7 Rxe7 33. Qg6 Re8 34. Qxh6 Re7 35. Qxg5 Rf7 36. Kg1 Ke8 37. Bg6 Kf8 38. Bxf7 Kxf7 39. Qf6+ Ke8 40. Qxe6+ Kf8 41. Qf6+ Kg8 42. e6 d4 43. e7 1-0

[Event "Llinars del Valles op-B 8th"]
[Site "Llinars del Valles"]
[Date "2015.05.30"]
[Round "7"]
[White "Rubiano Rodriguez, Ignasi"]
[Black "Arcusa Postils, Eduard"]
[Result "0-1"]
[WhiteElo "1805"]
[BlackElo "1867"]
[PlyCount "92"]
[EventDate "2015.04.11"]
[EventType "swiss"]
[EventRounds "9"]
[EventCountry "ESP"]
[SourceTitle "EXT 2016"]
[Source "ChessBase"]
[SourceDate "2015.10.08"]
[SourceVersion "1"]
[SourceVersionDate "2015.10.08"]
[SourceQuality "1"]

1. e4 c6 2. d4 d5 3. Nc3 dxe4 4. Nxe4 Nd7 5. Nf3 Ngf6 6. Ng3 e6 7. Qd3 c5 8. Ne4 Nxe4 9. Qxe4 Nf6 10. Qe3 Qc7 11. c4 a5 12. g3 b6 13. Qc3 Bb7 14. Bf4 Qc6 15. Bg2 Rd8 16. dxc5 Bxc5 17. 0-0 Qc8 18. a3 0-0 19. Rad1 Nd5 20. cxd5 Bxd5 21. Be3 Bxe3 22. Qxe3 Qb7 23. Nh4 Bxg2 24. Nxg2 Rc8 25. Rc1 Rcd8 26. Rfd1 Rb8 27. Rd6 b5 28. Rcc6 Qe7 29. Rb6 Qf6 30. Rxb8 Rxb8 31. Qd4 Qg5 32. f4 Qe7 33. Rd7 Qe8 34. Nh4 h6 35. Nf3 f6 36. Qd2 Qc8 37. Rd6 b4 38. axb4 axb4 39. Nd4 Qc5 40. Rc6 Qa7 41. Rxe6 Rd8 42. Qxb4 Rxd4 43. Qb6 Rd1+ 44. Kg2 Rd2+ 45. Kh3 Qf7 46. Qd8+ Rxd8 0-1

[Event "Mataro op 11th"]
[Site "Mataro"]
[Date "2014.11.15"]
[Round "8"]
[White "Vera Domingo, Salvador"]
[Black "Rubiano Rodriguez, Ignasi"]
[Result "1/2-1/2"]
[WhiteElo "1712"]
[BlackElo "1769"]
[PlyCount "72"]
[EventDate "2014.09.27"]
[EventType "swiss"]
[EventRounds "9"]
[EventCountry "ESP"]
[SourceTitle "EXT 2016"]
[Source "ChessBase"]
[SourceDate "2015.10.08"]
[SourceVersion "1"]
[SourceVersionDate "2015.10.08"]
[SourceQuality "1"]

1. e4 e5 2. Nf3 Nc6 3. Bc4 Bc5 4. c3 Nf6 5. d3 0-0 6. 0-0 d6 7. Bg5 h6 8. Bh4 Bg4 9. h3 Bh5 10. Nbd2 a6 11. b4 Bb6 12. a4 Rb8 13. Nb3 Rc8 14. b5 Na5 15. bxa6 Nxc4 16. axb7 Rb8 17. dxc4 Rxb7 18. a5 Ba7 19. a6 Rb8 20. Na5 Rb6 21. Rb1 Rxa6 22. Ra1 Bb6 23. Nb3 Rxa1 24. Nxa1 Ba5 25. Qd3 Bb6 26. Nb3 Qe7 27. Nc1 Qe6 28. Na2 Bg6 29. Bxf6 Qxf6 30. Nb4 Rc8 31. Rd1 Qd8 32. Nd5 Bc5 33. Nb4 Qd7 34. Nxe5 Qe6 35. Nxg6 Qxg6 36. Nd5 Qe6 1/2-1/2

[Event "Roncana op-C 6th"]
[Site "Santa Eulalia de Roncana"]
[Date "2012.11.03"]
[Round "4.13"]
[White "Becerra Mumbru, Anna"]
[Black "Rubiano Rodriguez, Ignasi"]
[Result "1-0"]
[WhiteElo "1700"]
[BlackElo "1700"]
[PlyCount "73"]
[EventDate "2012.10.06"]
[EventType "swiss"]
[EventRounds "8"]
[EventCountry "ESP"]
[SourceTitle "EXT 2024"]
[Source "ChessBase"]
[SourceDate "2023.10.10"]
[SourceVersion "1"]
[SourceVersionDate "2023.10.10"]
[SourceQuality "1"]

1. e4 e5 2. Nc3 Nc6 3. Nf3 Nf6 4. Bc4 Bc5 5. d3 0-0 6. Bg5 Bd4 7. a3 Bxc3+ 8. bxc3 h6 9. Bh4 a6 10. 0-0 b5 11. Bb3 a5 12. Ba2 a4 13. d4 Qe7 14. Re1 Qd6 15. Bg3 Qxa3 16. dxe5 Nh5 17. Bh4 Qb2 18. Qd2 Qa3 19. Bd5 Qc5 20. Red1 a3 21. Ne1 Ra6 22. Kh1 Nxe5 23. h3 Nc4 24. Qe2 Nb2 25. Nd3 Qb6 26. Rd2 g6 27. Be7 Re8 28. Bc5 Qf6 29. Bd4 Qg5 30. Be3 Qh4 31. g3 Qxh3+ 32. Kg1 c6 33. Ba2 Na4 34. Bb3 Nxc3 35. Qf3 a2 36. Bd4 Nxe4 37. Qxf7# 1-0

[Event "Roncana op-C 6th"]
[Site "Santa Eulalia de Roncana"]
[Date "2012.10.20"]
[Round "2.6"]
[White "Lopez Nadal, Alex"]
[Black "Rubiano Rodriguez, Ignasi"]
[Result "1-0"]
[WhiteElo "1755"]
[BlackElo "1700"]
[PlyCount "43"]
[EventDate "2012.10.06"]
[EventType "swiss"]
[EventRounds "8"]
[EventCountry "ESP"]
[SourceTitle "EXT 2024"]
[Source "ChessBase"]
[SourceDate "2023.10.10"]
[SourceVersion "1"]
[SourceVersionDate "2023.10.10"]
[SourceQuality "1"]

1. e4 e5 2. Nf3 Nc6 3. Nc3 Nf6 4. Bc4 Qe7 5. Nd5 Qe6 6. Nxc7+ Kd8 7. Nxe6+ dxe6 8. d4 exd4 9. Nxd4 Bd7 10. Bf4 Bb4+ 11. c3 Bc5 12. Nxc6+ bxc6 13. 0-0 Nxe4 14. Qe2 Nf6 15. Bg5 Rb8 16. Qe5 Be7 17. Qxb8+ Bc8 18. Rad1+ Nd7 19. Rxd7+ Kxd7 20. Rd1+ Ke8 21. Qxc8+ Bd8 22. Rxd8# 1-0